Soils of tropical forest ecosytems : (Record no. 32262)

MARC details
000 -LEADER
fixed length control field 01599pam a2200349 a 4500
001 - CONTROL NUMBER
control field 1654880
003 - CONTROL NUMBER IDENTIFIER
control field OSt
005 - DATE AND TIME OF LATEST TRANSACTION
control field 20220308094445.0
008 - FIXED-LENGTH DATA ELEMENTS--GENERAL INFORMATION
fixed length control field 971103s1998 gw a b 101 0 eng
010 ## - LIBRARY OF CONGRESS CONTROL NUMBER
LC control number 97039334
020 ## - INTERNATIONAL STANDARD BOOK NUMBER
International Standard Book Number 3540636072
040 ## - CATALOGING SOURCE
Original cataloging agency DLC
Transcribing agency HU
Modifying agency DLC
043 ## - GEOGRAPHIC AREA CODE
Geographic area code w------
050 00 - LIBRARY OF CONGRESS CALL NUMBER
Classification number SD390.3.T76
Item number S65 1998
082 00 - DEWEY DECIMAL CLASSIFICATION NUMBER
Classification number 631.4/915/2
Edition number 21
245 00 - TITLE STATEMENT
Title Soils of tropical forest ecosytems :
Remainder of title characteristics, ecology, and management /
Statement of responsibility, etc. Andreas Schulte, Daddy Ruhiyat (eds.).
260 ## - PUBLICATION, DISTRIBUTION, ETC.
Place of publication, distribution, etc. Berlin ;
-- New York :
Name of publisher, distributor, etc. Springer Verlag,
Date of publication, distribution, etc. 1998.
300 ## - PHYSICAL DESCRIPTION
Extent 206 p. :
Other physical details ill. ;
Dimensions 28 cm.
500 ## - GENERAL NOTE
General note "The present book is the result of the 'International Congress on Soils of Tropical Forest Ecosystems/3rd Conference on Forest Soils (ISSS-AISS-IBG)' held in Balikpapan, Indonesia"--Pref.
504 ## - BIBLIOGRAPHY, ETC. NOTE
Bibliography, etc. note Includes bibliographical references and index.
650 #0 - SUBJECT ADDED ENTRY--TOPICAL TERM
Topical term or geographic name entry element Forest soils
Geographic subdivision Tropics
General subdivision Congresses.
9 (RLIN) 32259
650 #0 - SUBJECT ADDED ENTRY--TOPICAL TERM
Topical term or geographic name entry element Rain forest ecology
General subdivision Congresses.
9 (RLIN) 18716
650 #0 - SUBJECT ADDED ENTRY--TOPICAL TERM
Topical term or geographic name entry element Soil ecology
Geographic subdivision Tropics
General subdivision Congresses.
9 (RLIN) 32260
650 #0 - SUBJECT ADDED ENTRY--TOPICAL TERM
Topical term or geographic name entry element Soil management
Geographic subdivision Tropics
General subdivision Congresses.
9 (RLIN) 32261
700 1# - ADDED ENTRY--PERSONAL NAME
Personal name Schulte, Andreas.
9 (RLIN) 32262
700 1# - ADDED ENTRY--PERSONAL NAME
Personal name Ruhiyat, Daddy.
9 (RLIN) 32263
856 42 - ELECTRONIC LOCATION AND ACCESS
Materials specified Publisher description
Uniform Resource Identifier <a href="http://www.loc.gov/catdir/enhancements/fy0815/97039334-d.html">http://www.loc.gov/catdir/enhancements/fy0815/97039334-d.html</a>
856 41 - ELECTRONIC LOCATION AND ACCESS
Materials specified Table of contents only
Uniform Resource Identifier <a href="http://www.loc.gov/catdir/enhancements/fy0815/97039334-t.html">http://www.loc.gov/catdir/enhancements/fy0815/97039334-t.html</a>
906 ## - LOCAL DATA ELEMENT F, LDF (RLIN)
a 7
b cbc
c orignew
d 1
e ocip
f 19
g y-gencatlg
942 ## - ADDED ENTRY ELEMENTS (KOHA)
Source of classification or shelving scheme Dewey Decimal Classification
Koha item type Books like text book referance book
Suppress in OPAC No
Holdings
Withdrawn status Lost status Source of classification or shelving scheme Damaged status Not for loan Collection code Home library Current library Shelving location Date acquired Total Checkouts Full call number Barcode Date last seen Copy number Price effective from Koha item type
    Dewey Decimal Classification     Reference Wondo Genet Library Wondo Genet Library General Stacks 03/08/2022   631.4191512 SOI 1998 WGCFNRL00012574 03/08/2022 1 03/08/2022 Books like text book referance book
    Dewey Decimal Classification     Reference Wondo Genet Library Wondo Genet Library General Stacks 03/08/2022   631.4191512 SOI 1998 WGCFNRL00012575 03/08/2022 2 03/08/2022 Books like text book referance book
    Dewey Decimal Classification     Reference Wondo Genet Library Wondo Genet Library General Stacks 03/25/2022   631.4191512 SOI 1998 WGCFNRL00014837 03/25/2022 3 03/25/2022 Books like text book referance book
    Dewey Decimal Classification     Reference Wondo Genet Library Wondo Genet Library General Stacks 03/25/2022   631.4191512 SOI 1998 WGCFNRL00014838 03/25/2022 4 03/25/2022 Books like text book referance book